000
00293nam a22001337a 4500
008
170309b xxu||||| |||| 00| 0 eng d
020
_a
9780683037104
041
_a
eng
080
_2
11 ED
_a
611
100
_a
6
101
_a
SHM
245
_a
GRANTS DISSECTOR
_c
SAUERLAND.E.K
942
_2
udc
_c
BK
999
_c
7335
_d
7335